Geografia Grecji, Cypru i Malty od A do Z - Statystyki

Ogólne statystyki
  • Ten quiz został rozwiązany 29 razy
  • Średni wynik to 15 z 24
Statystyki odpowiedzi
Hint Odpowiedź % Poprawnych
A Jaką nazwę nosi wzgórze w Atenach będące niegdyś głównym ośrodkiem religijnym i kulturowym starożytnych Aten? Akropol
92%
B Z jakim krajem graniczy Grecja od północnego-wschodu? Bułgaria
92%
Ś Jaką nazwę nosi morze na którym znajduje się Malta? Śródziemne
92%
T Jakie państwo de facto okupuje północną część Cypru? Turcja
92%
V Które miasto jest stolicą Malty? Valletta
92%
E Jaką nazwę nosi morze znajdujące się między Grecją a Turcją? Egejskie
88%
K Jaką nazwę nosi największa pod względem powierzchni należąca do Grecji Wyspa? Kreta
88%
O Jaką nazwę nosi szczyt który według mitologii greckiej miał być siedzibą bogów? Olimp
88%
R Jaką nazwę nosi grecka wyspa na której znajdował się "Kolos", jeden z siedmiu cudów świata starożytnego? Rodos
88%
U Pomimo, że Cypr znajduje się geograficznie w Azji i tak należy do tej międzynarodowej organizacji. Unia Europejska
88%
H Jak miał na imię grecki pieśniarz wędrowny, epik, śpiewak i recytator który opisał między innymi Wojnę Trojańską? Homer
83%
N Które miasto jest stolicą Cypru? Nikozja
83%
I Jaką nazwę nosi grecka wyspa z której pochodził Odyseusz bohater eposu "Odyseja"? Itaka
71%
M Z jakiej historycznej hellenistycznej krainy wywodził się Aleksander Wielki? Macedonia
71%
G Jaką nazwę nosi popularna grecka potrwa mięsna często zawijana w pitę podawana tradycyjnie w sosie tzatzyki? Gyros
58%
P Jaką nazwę nosi półwysep jak i kraina historyczna na południu Grecji? Peloponez
54%
S Pod jaką nazwą powszechnie znane jest starożytne greckie polis Lacedemon? Sparta
46%
W Z jakim w pełni uznawanym przez ONZ krajem posiada granicę lądową Cypr? Wielka Brytania
46%
D Jaką nazwę nosiła grecka waluta przed wprowadzeniem Euro? Drachma
42%
L Które miasto jest największym portem Cypru? Limassol
42%
Z Jaką nazwę nosi linia wyznaczająca granicę między Republiką Cypru a nieuznawaną na forum międzynarodowym Turecką Republiką Cypru? Zielona linia
25%
C Jaką nazwę nosi trzecia co do wielkości i jednocześnie najmniejsza zamieszkana wyspa Malty? Comino
8%
J Jaki zakon w latach 1530–1798 rządził Maltą jako lenno Królestwa Sycylii? Joannitów
8%
F Jaką nazwę nosi formacja roślinna niskich krzewów i roślin zielnych występująca na suchych i skalistych siedliskach we wschodniej części obszaru śródziemnomorskiego między innymi w Grecji? Frygana
0%
Nie znaleziono quizów pasujących do podanych kryteriów
Rozkład punktacji
Procent ludzi z każdym wynikiem
Percentyl według liczby udzielonych odpowiedzi
Twoja historia wyników
Nie rozwiązałeś tego quizu